Представление документа в формате RUSMARC

ПолеНазваниеЗначение
  Тип записи a
  Библиографический уровень a
001 Контрольный номер RU/CBS_UL/BASE/3d413288a8da43048fa6d5bf01bc89ae
005 Дата корректировки 20240708143715.8
100 Данные общей обработки __
a Данные общей обработки 20240708 ||| 0rusy0189 ca
101 Язык документа 0_
a Язык текста rus
102 Страна публикации __
a Страна публикации RU
200 Заглавие и сведения об ответственности 1_
a Заглавие На Киев!
e Сведения, относящиеся к заглавию [об освобождении Киева от немецко-фашистских захватчиков в ноябре 1943 г.]
f Первые сведения об ответственности А. Смирнов
300 Общие примечания __
a Общие примечания 16+
320 Библиография __
a Библиография Библиогр.: с. 27
461 Уровень набора _0
1 2000
a Родина
463 Уровень физической единицы _0
1 2000
a № 11
v С. 20-27 : фот., ил.
1 2101
d 2023
1 001RU/CBS_UL/BASE/aa159a031eed423f9cc0c498f874c03f
606 Тематические рубрики 0_
a Основная рубрика Киевская наступательная операция, 1943
610 Ключевые слова 0_
a Ключевые слова Великая Отечественная война
610 Ключевые слова 0_
a Ключевые слова ВОВ
610 Ключевые слова 0_
a Ключевые слова войны
610 Ключевые слова 0_
a Ключевые слова наступательные операции
610 Ключевые слова 0_
a Ключевые слова Киевская наступательная операция
610 Ключевые слова 0_
a Ключевые слова военные сражения
610 Ключевые слова 0_
a Ключевые слова рукопашные бои
610 Ключевые слова 0_
a Ключевые слова оборонительные линии
610 Ключевые слова 0_
a Ключевые слова Красная Армия
610 Ключевые слова 0_
a Ключевые слова освобождение Киева
610 Ключевые слова 0_
a Ключевые слова переправа через Днепр
610 Ключевые слова 0_
a Ключевые слова свидетельства фронтовиков
610 Ключевые слова 0_
a Ключевые слова военная история
610 Ключевые слова 0_
a Ключевые слова мемуаристика
686 Индексы других классификаций __
2 Код системы rubbk
a Классификационный индекс 63.3(3)622,13
700 Автор _1
a Фамилия Смирнов
b Имя (инициалы) А.
801 Источник записи _0
a Страна RU
b Организация МБУК ЦБС г. Ульяновска
c Дата составления 20240708
g Правила каталогизации RCR
801 Источник записи _1
a Страна RU
b Организация МБУК ЦБС г. Ульяновска
c Дата составления 20240708
g Правила каталогизации RCR
901 Тип документа __
t Тип документа b
w Контрольный № источника RU/CBS_UL/BASE/aa159a031eed423f9cc0c498f874c03f
909 Создатель записи __
a Создатель записи lib1